000 00731nam a2200265Ia 4500
003 OSt
005 20220918165243.0
006 a|||||r|||| 00| 0
007 ta
008 220917b |||||||| |||| 00| 0 eng d
020 _a1856042561 (pbk)
024 _a31,089
037 _cTextual
040 _aARTS
_cARTS
_beng
041 _2eng
_aeng
082 _a2b3, N8 (2D)
100 _aWhetherly June
_923481
245 0 _aAchieving change through training and development
260 _aLondon
_bLibrary Association Pub
_c1998
300 _aix,62p.
_ccm.
490 _aLibrary training guides
650 _aLIBRARY SCIENCE
942 _h2b3, N8 (2D)
_cTEXL
_2CC
999 _c129000
_d129000